| 000 | 01216cam a2200277 a 4500 | ||
|---|---|---|---|
| 001 | 14166507 | ||
| 005 | 20250127191543.0 | ||
| 008 | 051109s2007 ohuabk b 001 0 eng | ||
| 020 | _a0324303912 (with Online Legal Research Guide) | ||
| 020 | _a0324402066 (instructor's manual) | ||
| 020 | _a0324402090 (Answers to question and case problems) | ||
| 050 | 0 | 0 |
_aKF1600 _b.C76 2007 |
| 100 | 1 | _aCross, Frank B. | |
| 245 | 1 | 0 |
_aWest's legal environment of business : _btext and cases : ethical, regulatory, international, and e-commerce issues / _cFrank B. Cross, Roger LeRoy Miller. |
| 250 | _a6th ed. | ||
| 260 |
_aMason, Ohio : _bThomson/West, _cc2007. |
||
| 300 |
_a1 v. (various pagings) : _bill. (some col.), 1 map, forms ; _c26 cm. |
||
| 500 | _aAccompanied by: Instructor's manual and Answers to question and case problems. | ||
| 650 | 0 |
_aIndustrial laws and legislation _zUnited States. |
|
| 650 | 0 |
_aTrade regulation _zUnited States. |
|
| 650 | 0 |
_aCommercial law _zUnited States. |
|
| 650 | 0 |
_aElectronic commerce _xLaw and legislation _zUnited States. |
|
| 700 | 1 | _aMiller, Roger LeRoy. | |
| 856 | 4 | 1 |
_3Table of contents only _uhttp://www.loc.gov/catdir/toc/fy0803/2005937022.html |
| 942 |
_2lcc _cBK _n0 |
||
| 999 |
_c3114 _d3114 |
||